• 首页
  • 本馆介绍
  • 公告通知
  • 最新文献
  • 馆藏检索
  • 电子资源
  • 读者导购
  • 参考咨询
  • 我的图书馆
  • 登录
  • 详细信息显示
  • 放入我的书架
  • 预约/预借图书
  • 作者相关作品
  • 分类相关作品
  • 丛书相关作品
  • 出版社相关作品

书目信息

  • 表格格式
  • 工作单格式
  • 卡片格式
题名:
从“吸纳”到“互嵌”
    
 
作者: 夏国锋 著
分册:  
出版信息: 北京   中国商务出版社  2020.9
页数: 168页
开本: 24cm
丛书名: 社会学青年学者文库
单 册:
中图分类: J892.0
科图分类:
主题词: 剧团改革--研究--中国
电子资源:
ISBN: 978-7-5103-3436-8
000 01933nam0 2200301 45
001 489939
005 20140818204427.0
010    @a978-7-5103-3436-8@dCNY45.00
100    @a20201125d2020 em y0chiy0110 ea
101 0  @achi
102    @aCN@b110000
105    @ay z 000yy
106    @ar
200 1  @a从“吸纳”到“互嵌”@Acong“xi na”dao“hu qian”@e新中国成立以来的剧团体制变革@dFrom Absorption to Embedment@ethe institutional change of theatrical troupe since the founding of PRC@f夏国锋著@zeng
210    @a北京@c中国商务出版社@d2020.9
215    @a168页@d24cm
225 2  @a社会学青年学者文库
300    @a国家社会科学基金青年项目“我国公共文化服务机制创新研究”的一项研究成果 湖北文理学院省级重点(培育)学科——政治学学科建设成果和湖北文理学院博士科研启动经费资助成果
314    @a夏国锋,男,1981年出生,山东济宁人,2016年毕业于华中师范大学政治社会学专业,获法学(政治学)博士学位。湖北文理学院政法学院副教授,硕士生导师。主要从事公共文化服务、文化治理、农村社区建设等方面的研究。先后主持完成国家社会科学基金、教育部人文社科规划基金、湖北省社会科学基金等课题4项;并参与完成国家社科基金重大招标课题和原文化部委托的课题等:曾获湖北省社会科学优秀成果二等奖1项、襄阳市社会科学优秀成果一等奖3项:公开发表学术论文30余篇。撰写的多篇咨询报告获省级领导批示或被党政部门采纳。
330    @a本书运用“吸纳”与“嵌入”两个概念提炼概括国家(政府)与社会(剧团)之间的关系及其互动机制,同时引入外部结构、主体目标与主体互动三个变量,尝试在国家与社会关系视角下,对我国剧团体制历史变革的内在逻辑进行解释,并梳理主体关系变化与互动机制的展演过程。
461  0 @12001 @a社会学青年学者文库
510 1  @aFrom Absorption to Embedment@ethe institutional change of theatrical troupe since the founding of PRC@zeng
517 1  @a新中国成立以来的剧团体制变革
606 0  @a剧团改革@x研究@y中国
690    @aJ892.0@v5
701  0 @a夏国锋@Axia guo feng@f(1981-)@4著
801    @aCN@b江苏凤凰@c20211018
905    @b1356982-5@dJ892.0@e229@f4
    
    从“吸纳”到“互嵌”:新中国成立以来的剧团体制变革=From Absorption to Embedment:the institutional change of theatrical troupe since the founding of PRC/夏国锋著.-北京:中国商务出版社,2020.9
    168页;24cm.-(社会学青年学者文库)
    国家社会科学基金青年项目“我国公共文化服务机制创新研究”的一项研究成果 湖北文理学院省级重点(培育)学科——政治学学科建设成果和湖北文理学院博士科研启动经费资助成果
    
    ISBN 978-7-5103-3436-8:CNY45.00
    本书运用“吸纳”与“嵌入”两个概念提炼概括国家(政府)与社会(剧团)之间的关系及其互动机制,同时引入外部结构、主体目标与主体互动三个变量,尝试在国家与社会关系视角下,对我国剧团体制历史变革的内在逻辑进行解释,并梳理主体关系变化与互动机制的展演过程。
●
相关链接 在E读中查询图书 在五车中查询图书 在当当中查询图书 在豆瓣中查询图书


正题名:从"吸纳"到"互嵌"     索取号:J892.0/229         预约/预借

序号 登录号 条形码 馆藏地/架位号 状态 备注
1 1356982   213569823   第一样本阅览室/ [索取号:J892.0/229] 在馆    
2 1356983   213569832   第一借阅区/ [索取号:J892.0/229] 在馆    
3 1356984   213569841   第一借阅区/ [索取号:J892.0/229] 在馆    
4 1356985   213569850   第一借阅区/ [索取号:J892.0/229] 在馆    
唐山师范学院图书馆 欢迎您!
大连网信软件有限公司© 版权所有